000 00574nam a2200193Ia 4500
999 _c14979
_d14979
003 OSt
005 20201113115445.0
008 190216s9999||||xx |||||||||||||| ||und||
020 _a9788131729229
040 _coclc
082 _a421
_bAND/C
100 _aAnderson, Marilyn
_96378
245 0 _aCritical Thinking Academic Writing And Presentation Skills /
_cMarilyn Anderson ; P K Nayar ; M Sen
250 _a4th Ed.
260 _bPearson,
_c2008.
_aNew Delhi:
300 _a185p
650 _aEnglish
942 _cBK
_2ddc
_h421
_iAND/C
_k421
_mAND/C